[Event "HUN-chT 2324"]
[Site "Hungary"]
[Date "2023.12.10"]
[Round "3.4"]
[White "Nagy, Gabor"]
[Black "Horvath, Zsolt"]
[Result "1-0"]
[WhiteElo "2439"]
[BlackElo "2377"]
[PlyCount "67"]
[EventDate "2023.10.28"]
[EventType "team-tourn"]
[EventRounds "9"]
[EventCountry "HUN"]
[SourceTitle "CB16_2024"]
[SourceDate "2024.04.17"]
[SourceVersion "1"]
[SourceVersionDate "2024.04.17"]
[SourceQuality "1"]
[WhiteTeam "Kobanya Aquarena"]
[BlackTeam "Mako Duocor"]
[WhiteTeamCountry "HUN"]
[BlackTeamCountry "HUN"]

1. d4 Nf6 2. c4 e6 3. Nc3 d5 4. cxd5 exd5 5. Bg5 Nbd7 6. e3 Bb4 7. Bd3 c5 8. Nge2 0-0 9. 0-0 h6 10. Bh4 c4 11. Bc2 Qa5 12. f3 Bxc3 13. bxc3 Re8 14. Qd2 b6 15. a4 Bb7 16. g4 Nh7 17. Bg3 Bc6 18. h4 Rad8 19. Bc7 Rc8 20. Bh2 Ndf6 21. Ng3 g6 22. Kh1 Kh8 23. h5 Rg8 24. Ne2 Nd7 25. hxg6 fxg6 26. Nf4 Nhf8 27. e4 dxe4 28. d5 Bb7 29. fxe4 Kh7 30. Ne6 Nxe6 31. dxe6 Ne5 32. Qd4 Rc5 33. Bxe5 Rxe5 34. Rf7+ 1-0

[Event "HUN-chT 2223"]
[Site "Hungary"]
[Date "2023.04.23"]
[Round "9.5"]
[White "Berczes, David"]
[Black "Horvath, Zsolt"]
[Result "1/2-1/2"]
[WhiteElo "2446"]
[BlackElo "2384"]
[PlyCount "61"]
[EventDate "2022.11.20"]
[EventType "team-tourn"]
[EventRounds "9"]
[EventCountry "HUN"]
[SourceTitle "EXT 2024"]
[Source "ChessBase"]
[SourceDate "2023.10.10"]
[SourceVersion "1"]
[SourceVersionDate "2023.10.10"]
[SourceQuality "1"]
[WhiteTeam "Dunaharaszti"]
[BlackTeam "Mako Duocor"]
[WhiteTeamCountry "HUN"]
[BlackTeamCountry "HUN"]

1. d4 Nf6 2. c4 e6 3. Nf3 d5 4. g3 Be7 5. Bg2 0-0 6. 0-0 c6 7. Nc3 Nbd7 8. Bf4 b6 9. cxd5 exd5 10. Rc1 Bb7 11. Ne5 Nxe5 12. Bxe5 Re8 13. e4 dxe4 14. Nxe4 Nd5 15. Nc3 Bg5 16. Nxd5 Bxc1 17. Nc7 Rxe5 18. Nxa8 Re6 19. Qxc1 Bxa8 20. Qf4 Qd6 21. Qxd6 Rxd6 22. Rc1 Rxd4 23. Bxc6 Bxc6 24. Rxc6 g6 25. Rc7 Rd2 26. Rxa7 Rxb2 27. a4 Kg7 28. a5 bxa5 29. Rxa5 h5 30. h4 Rc2 31. Kg2 1/2-1/2

[Event "HUN-chT 1920"]
[Site "Hungary"]
[Date "2019.12.01"]
[Round "3.9"]
[White "Tompa, Janos"]
[Black "Horvath, Zsolt"]
[Result "0-1"]
[WhiteElo "2352"]
[BlackElo "2396"]
[PlyCount "72"]
[EventDate "2019.11.16"]
[EventType "team-tourn"]
[EventRounds "9"]
[EventCountry "HUN"]
[SourceTitle "CBM 193 Extra"]
[Source "ChessBase"]
[SourceDate "2020.01.31"]
[SourceVersion "1"]
[SourceVersionDate "2020.01.31"]
[SourceQuality "1"]
[WhiteTeam "Dunaharaszti"]
[BlackTeam "Mako Duocor"]
[WhiteTeamCountry "HUN"]
[BlackTeamCountry "HUN"]

1. e4 c6 2. d4 d5 3. Nc3 dxe4 4. Nxe4 Nf6 5. Nxf6+ exf6 6. c3 Bd6 7. Bd3 0-0 8. Qf3 Re8+ 9. Ne2 Nd7 10. 0-0 Nf8 11. Nf4 f5 12. Nh3 g6 13. Bf4 Ne6 14. Bxd6 Qxd6 15. Rfe1 Bd7 16. Bc4 b5 17. Bxe6 Bxe6 18. Qg3 Qxg3 19. hxg3 Bd5 20. Rxe8+ Rxe8 21. Nf4 Kg7 22. f3 a6 23. Kf2 Rb8 24. Nd3 f6 25. a4 Bc4 26. Nb4 bxa4 27. Rxa4 Re8 28. Nxa6 Bb5 29. Ra2 Re2+ 30. Kg1 Bc4 31. Ra5 Rxb2 32. Nb4 Rb1+ 33. Kf2 Rb2+ 34. Ke3 Re2+ 35. Kf4 g5+ 36. Kxf5 Be6# 0-1

[Event "HUN-chT 1819"]
[Site "Hungary"]
[Date "2019.04.27"]
[Round "8.3"]
[White "Nagy, Zoltan"]
[Black "Horvath, Zsolt"]
[Result "1/2-1/2"]
[WhiteElo "2096"]
[BlackElo "2370"]
[PlyCount "55"]
[EventDate "2018.11.17"]
[EventType "team-tourn"]
[EventRounds "9"]
[EventCountry "HUN"]
[SourceTitle "CBM 190 Extra"]
[Source "ChessBase"]
[SourceDate "2019.07.15"]
[SourceVersion "1"]
[SourceVersionDate "2019.07.15"]
[SourceQuality "1"]
[WhiteTeam "Maroczy"]
[BlackTeam "Mako Duocor"]
[WhiteTeamCountry "HUN"]
[BlackTeamCountry "HUN"]

1. e4 c6 2. d4 d5 3. exd5 cxd5 4. c4 Nf6 5. Nc3 Nc6 6. Nf3 Be6 7. c5 g6 8. Bb5 Bg7 9. Ne5 Bd7 10. Bxc6 bxc6 11. 0-0 0-0 12. Re1 Be8 13. Be3 Kh8 14. Rb1 Ng8 15. f4 f6 16. Nf3 Nh6 17. b4 Nf5 18. Bf2 Qc7 19. g3 h5 20. a4 Rb8 21. Qd3 Bd7 22. Kg2 Rfe8 23. b5 Kh7 24. h3 Nh6 25. Nh4 Nf5 26. Nf3 Nh6 27. Nh4 Nf5 28. Nf3 1/2-1/2

[Event "HUN-chT 1819"]
[Site "Hungary"]
[Date "2019.03.31"]
[Round "7.4"]
[White "Horvath, Zsolt"]
[Black "Torma, Robert"]
[Result "1/2-1/2"]
[WhiteElo "2370"]
[BlackElo "2476"]
[PlyCount "61"]
[EventDate "2018.11.17"]
[EventType "team-tourn"]
[EventRounds "9"]
[EventCountry "HUN"]
[SourceTitle "CBM 189 Extra"]
[Source "ChessBase"]
[SourceDate "2019.06.03"]
[SourceVersion "1"]
[SourceVersionDate "2019.06.03"]
[SourceQuality "1"]
[WhiteTeam "Mako Duocor"]
[BlackTeam "DVTK"]
[WhiteTeamCountry "HUN"]
[BlackTeamCountry "HUN"]

1. e4 e6 2. d4 d5 3. Nc3 Bb4 4. Nge2 dxe4 5. a3 Bxc3+ 6. Nxc3 Nc6 7. Bb5 Nge7 8. Bg5 f6 9. Bf4 0-0 10. Bxc6 Nxc6 11. d5 e5 12. Be3 Ne7 13. Bc5 b6 14. Bxe7 Qxe7 15. Nxe4 Ba6 16. Qd2 Rad8 17. 0-0-0 Rd7 18. Qe3 Bc4 19. Nc3 Rfd8 20. Qe4 b5 21. Rd2 a5 22. f4 exf4 23. Qxe7 Rxe7 24. b3 b4 25. axb4 axb4 26. Na2 Bxd5 27. Nxb4 Rdd7 28. Rhd1 Be6 29. Rxd7 Rxd7 30. Rxd7 Bxd7 31. Nd5 1/2-1/2

[Event "HUN-chT 1718"]
[Site "Hungary"]
[Date "2018.05.05"]
[Round "8.9"]
[White "Horvath, Zsolt"]
[Black "Tompa, Janos"]
[Result "1/2-1/2"]
[WhiteElo "2381"]
[BlackElo "2371"]
[PlyCount "57"]
[EventDate "2017.11.25"]
[EventType "team-tourn"]
[EventRounds "9"]
[EventCountry "HUN"]
[SourceTitle "EXT 2019"]
[Source "ChessBase"]
[SourceDate "2018.10.10"]
[SourceVersion "1"]
[SourceVersionDate "2018.10.10"]
[SourceQuality "1"]
[WhiteTeam "Mako Duocor"]
[BlackTeam "Dunaharaszti"]
[WhiteTeamCountry "HUN"]
[BlackTeamCountry "HUN"]

1. e4 c5 2. Nf3 e6 3. g3 d5 4. exd5 Qxd5 5. Nc3 Qd8 6. d4 Nf6 7. Bg2 Nc6 8. Be3 Ng4 9. 0-0 Nxe3 10. fxe3 Be7 11. Ne4 Qa5 12. Nfg5 cxd4 13. Nxf7 0-0 14. Nfd6 Qe5 15. Rxf8+ Bxf8 16. exd4 Qxd4+ 17. Qxd4 Nxd4 18. Rd1 Nf5 19. Kf2 Be7 20. c3 Kf8 21. Nxc8 Rxc8 22. g4 Nh6 23. h3 Rc7 24. Nd2 Bc5+ 25. Ke2 Nf7 26. Nb3 Bb6 27. Nd4 Bxd4 28. Rxd4 Ke7 29. c4 1/2-1/2

[Event "HUN-chT 1718"]
[Site "Hungary"]
[Date "2018.03.04"]
[Round "7.9"]
[White "Csonka, Attila Istvan"]
[Black "Horvath, Zsolt"]
[Result "1-0"]
[WhiteElo "2366"]
[BlackElo "2381"]
[PlyCount "129"]
[EventDate "2017.11.25"]
[EventType "team-tourn"]
[EventRounds "9"]
[EventCountry "HUN"]
[SourceTitle "EXT 2019"]
[Source "ChessBase"]
[SourceDate "2018.10.10"]
[SourceVersion "1"]
[SourceVersionDate "2018.10.10"]
[SourceQuality "1"]
[WhiteTeam "HVSE Infraplan"]
[BlackTeam "Mako Duocor"]
[WhiteTeamCountry "HUN"]
[BlackTeamCountry "HUN"]

1. e4 c6 2. d4 d5 3. Nc3 dxe4 4. Nxe4 Nf6 5. Ng3 h5 6. h4 Bg4 7. Be2 Nbd7 8. Nf3 e6 9. Ng5 Qc7 10. N3e4 Bf5 11. Bd3 Nxe4 12. Bxe4 Bxe4 13. Nxe4 Qa5+ 14. c3 Qd5 15. Qf3 Be7 16. Bg5 f6 17. Be3 0-0-0 18. Nd2 Qxf3 19. Nxf3 Nb6 20. 0-0-0 Nd5 21. Rhe1 b5 22. Kc2 Kd7 23. Re2 Rb8 24. g3 Bd6 25. Nd2 a5 26. Ne4 a4 27. a3 Rbe8 28. Rde1 Rhf8 29. Bd2 Rf7 30. Kd3 Bf8 31. f4 Bd6 32. c4 bxc4+ 33. Kxc4 Rfe7 34. Bb4 Nb6+ 35. Kd3 Bxb4 36. axb4 Nd5 37. Nc5+ Kd6 38. Nxa4 Nxb4+ 39. Kc4 Nd5 40. Nc5 Nb6+ 41. Kd3 Nd5 42. Ne4+ Kc7 43. Ra1 e5 44. Ra7+ Kb8 45. Rxe7 Rxe7 46. fxe5 fxe5 47. Nd6 Re6 48. dxe5 Kc7 49. Kd4 Nb6 50. Ne4 Re8 51. Ng5 Nd7 52. e6 Nf6 53. Ke5 Rb8 54. Kf5 Kd6 55. Kg6 Ke7 56. Rc2 Rc8 57. Rc4 Kd6 58. Kxg7 Ke7 59. Kg6 Nd5 60. Ra4 Rg8+ 61. Kf5 Kd6 62. Ne4+ Kc7 63. Ra7+ Kb6 64. Rh7 Ne3+ 65. Kf4 1-0

[Event "HUN-chT 1718"]
[Site "Hungary"]
[Date "2018.01.28"]
[Round "5.9"]
[White "Szamoskozi, Gabor"]
[Black "Horvath, Zsolt"]
[Result "1/2-1/2"]
[WhiteElo "2297"]
[BlackElo "2381"]
[PlyCount "54"]
[EventDate "2017.11.25"]
[EventType "team-tourn"]
[EventRounds "9"]
[EventCountry "HUN"]
[SourceTitle "EXT 2019"]
[Source "ChessBase"]
[SourceDate "2018.10.10"]
[SourceVersion "1"]
[SourceVersionDate "2018.10.10"]
[SourceQuality "1"]
[WhiteTeam "Penzugyor"]
[BlackTeam "Mako Duocor"]
[WhiteTeamCountry "HUN"]
[BlackTeamCountry "HUN"]

1. e4 c5 2. Nf3 d6 3. Bc4 e6 4. d3 a6 5. a4 Nc6 6. Bb3 Nf6 7. c3 Be7 8. 0-0 0-0 9. Qe2 Rb8 10. Rd1 e5 11. h3 Na5 12. Bc2 Be6 13. Ng5 Bb3 14. Bxb3 Nxb3 15. Ra2 Nxc1 16. Rxc1 Nd5 17. exd5 Bxg5 18. Nd2 f5 19. b4 Rc8 20. bxc5 Rxc5 21. c4 b5 22. axb5 axb5 23. Rb1 Bxd2 24. Rxd2 bxc4 25. dxc4 Qh4 26. Rb6 Rd8 27. Rc6 Ra5 1/2-1/2

[Event "HUN-chT 1718"]
[Site "Hungary"]
[Date "2017.12.03"]
[Round "3.9"]
[White "Kosanovic, Goran A"]
[Black "Horvath, Zsolt"]
[Result "1-0"]
[WhiteElo "2368"]
[BlackElo "2381"]
[PlyCount "57"]
[EventDate "2017.11.25"]
[EventType "team-tourn"]
[EventRounds "9"]
[EventCountry "HUN"]
[SourceTitle "EXT 2019"]
[Source "ChessBase"]
[SourceDate "2018.10.10"]
[SourceVersion "1"]
[SourceVersionDate "2018.10.10"]
[SourceQuality "1"]
[WhiteTeam "Husi"]
[BlackTeam "Mako Duocor"]
[WhiteTeamCountry "HUN"]
[BlackTeamCountry "HUN"]

1. d4 Nf6 2. Nf3 d6 3. Nc3 Bg4 4. e4 e6 5. h3 Bh5 6. Bg5 Be7 7. Bd3 c6 8. g4 Bg6 9. Qe2 d5 10. Bxf6 Bxf6 11. 0-0-0 Qa5 12. h4 dxe4 13. Bxe4 Nd7 14. Kb1 0-0-0 15. Bxc6 bxc6 16. h5 Nb6 17. hxg6 hxg6 18. Rxh8 Rxh8 19. g5 Bxg5 20. Ne5 Nd5 21. Nxd5 Qxd5 22. c4 Qa5 23. Qf3 Qc7 24. Nxc6 Bf6 25. d5 Qb6 26. Qa3 Rh3 27. Qf8+ Kb7 28. Qxf7+ Ka6 29. b4 1-0

[Event "HUN-chT 1617"]
[Site "Hungary"]
[Date "2016.10.30"]
[Round "1.6"]
[White "Erdos, Viktor"]
[Black "Horvath, Zsolt"]
[Result "1-0"]
[WhiteElo "2585"]
[BlackElo "2415"]
[PlyCount "99"]
[EventDate "2016.10.30"]
[EventType "team-tourn"]
[EventRounds "9"]
[EventCountry "HUN"]
[SourceTitle "CBM 175 Extra"]
[Source "ChessBase"]
[SourceDate "2016.12.12"]
[SourceVersion "1"]
[SourceVersionDate "2016.12.12"]
[SourceQuality "1"]
[WhiteTeam "Aquaprofit"]
[BlackTeam "Mako Duocor"]
[WhiteTeamCountry "HUN"]
[BlackTeamCountry "HUN"]

1. d4 d6 2. e4 Nf6 3. f3 e5 4. d5 c6 5. c4 Qb6 6. Nc3 Be7 7. Qe2 0-0 8. Be3 Qc7 9. g4 Nbd7 10. h4 a6 11. Nh3 cxd5 12. cxd5 b5 13. Nf2 Nb6 14. Qd2 Nc4 15. Bxc4 bxc4 16. Rc1 a5 17. h5 Ba6 18. Kf1 h6 19. Kg2 Nh7 20. Nh3 Rab8 21. Rc2 Rfc8 22. g5 hxg5 23. Nxg5 Nxg5 24. Bxg5 Bxg5 25. Qxg5 Qd8 26. f4 Qxg5+ 27. fxg5 Rf8 28. Rf2 f6 29. g6 Bc8 30. Kg3 f5 31. exf5 Bxf5 32. Rhf1 Bd3 33. Rxf8+ Rxf8 34. Rxf8+ Kxf8 35. Kh4 Bc2 36. Kg5 Bd3 37. a3 Bc2 38. Nb5 Be4 39. Nxd6 Bxd5 40. Nf5 Be6 41. h6 gxh6+ 42. Nxh6 Ke7 43. Nf5+ Kd7 44. Kf6 e4 45. g7 Bg8 46. Ke5 Kc6 47. Ne7+ Kc5 48. Nxg8 e3 49. Nf6 e2 50. Ne4+ 1-0

[Event "HUN-chT 1516"]
[Site "Hungary"]
[Date "2015.11.29"]
[Round "3.4"]
[White "Horvath, Zsolt"]
[Black "Farago, Ivan"]
[Result "1-0"]
[WhiteElo "2390"]
[BlackElo "2402"]
[PlyCount "65"]
[EventDate "2015.11.07"]
[EventType "team-tourn"]
[EventRounds "11"]
[EventCountry "HUN"]
[SourceTitle "CBM 169 Extra"]
[Source "ChessBase"]
[SourceDate "2015.12.18"]
[SourceVersion "1"]
[SourceVersionDate "2015.12.18"]
[SourceQuality "1"]
[WhiteTeam "Mako"]
[BlackTeam "Dunaharaszti"]
[WhiteTeamCountry "HUN"]
[BlackTeamCountry "HUN"]

1. e4 c5 2. Nf3 e6 3. c3 Nf6 4. Bd3 Nc6 5. Bc2 e5 6. 0-0 d6 7. d3 Be7 8. Re1 0-0 9. Nbd2 Be6 10. Nf1 h6 11. Ng3 Qd7 12. h3 Rac8 13. a3 a6 14. b4 cxb4 15. axb4 d5 16. exd5 Nxd5 17. Bd2 Rfd8 18. Ba4 b5 19. Bb3 Nf4 20. Bxf4 Bxb3 21. Qxb3 exf4 22. Ne2 Qxd3 23. Nxf4 Qf5 24. Ne2 Bf6 25. Rxa6 Rd3 26. Rxc6 Rxc6 27. Nfd4 Qe4 28. Nxc6 Bxc3 29. Rd1 Qxe2 30. Rxd3 Qxd3 31. Ne7+ Kf8 32. Nd5 Qd2 33. Nxc3 1-0

[Event "HUN-chT 1516"]
[Site "Hungary"]
[Date "2015.11.07"]
[Round "1"]
[White "Fodor, Tamas Jr"]
[Black "Horvath, Zsolt"]
[Result "1/2-1/2"]
[WhiteElo "2491"]
[BlackElo "2390"]
[PlyCount "114"]
[EventDate "2015.11.07"]
[EventType "team-tourn"]
[EventRounds "11"]
[EventCountry "HUN"]
[SourceTitle "CBM 169 Extra"]
[Source "ChessBase"]
[SourceDate "2015.12.18"]
[SourceVersion "1"]
[SourceVersionDate "2015.12.18"]
[SourceQuality "1"]
[WhiteTeam "Paks"]
[BlackTeam "Mako"]
[WhiteTeamCountry "HUN"]
[BlackTeamCountry "HUN"]

1. d4 Nf6 2. c4 d6 3. Nf3 Bf5 4. Nc3 g6 5. g3 Ne4 6. Bg2 Nxc3 7. bxc3 Be4 8. Qb3 Bg7 9. 0-0 0-0 10. Bh3 c5 11. Be3 Qb6 12. Nd2 Bc6 13. Rfb1 Qxb3 14. axb3 cxd4 15. cxd4 Bd7 16. Bxd7 Nxd7 17. b4 a6 18. Ra2 Rfc8 19. Rc2 h6 20. f3 d5 21. c5 Nb8 22. Bf2 Nc6 23. e3 Na7 24. Nb3 e6 25. g4 Bf6 26. Nc1 Nb5 27. Rb3 Bd8 28. Nd3 Bc7 29. Kg2 Kg7 30. Rc1 Bb8 31. Rb2 Bc7 32. Ra2 Bd8 33. Bg3 Bc7 34. Bf2 Bd8 35. h4 Bc7 36. Kh3 Bd8 37. f4 Na7 38. f5 Bc7 39. Rf1 exf5 40. gxf5 Re8 41. Bg1 g5 42. Rg2 f6 43. Nf4 Bxf4 44. exf4 Re4 45. Rg3 Rh8 46. Kg2 Nc6 47. fxg5 hxg5 48. hxg5 Ne7 49. Be3 Rh5 50. Rff3 Kf7 51. Rh3 Rxh3 52. Kxh3 fxg5 53. Bxg5 Rxd4 54. Bxe7 Kxe7 55. Re3+ Kf7 56. Re5 Rxb4 57. Rxd5 Kf6 1/2-1/2

[Event "HUN-chT 1415"]
[Site "Hungary"]
[Date "2015.03.01"]
[Round "7.5"]
[White "Hujbert, Florian"]
[Black "Horvath, Zsolt"]
[Result "1/2-1/2"]
[WhiteElo "2446"]
[BlackElo "2380"]
[PlyCount "42"]
[EventDate "2014.10.12"]
[EventType "team-tourn"]
[EventRounds "9"]
[EventCountry "HUN"]
[SourceTitle "EXT 2016"]
[Source "ChessBase"]
[SourceDate "2015.10.08"]
[SourceVersion "1"]
[SourceVersionDate "2015.10.08"]
[SourceQuality "1"]
[WhiteTeam "Penzugyor"]
[BlackTeam "Mako"]
[WhiteTeamCountry "HUN"]
[BlackTeamCountry "HUN"]

1. d4 Nf6 2. c4 d6 3. Nc3 Bf5 4. Nf3 g6 5. g3 Ne4 6. Qb3 Nxc3 7. Qxc3 Bg7 8. b3 c5 9. Bb2 Nc6 10. Qd2 cxd4 11. Nxd4 Bxd4 12. Bxd4 Nxd4 13. Qxd4 Qa5+ 14. Qd2 Qe5 15. Rd1 Be4 16. Rg1 0-0 17. f4 Qc5 18. Qd4 Qa5+ 19. Qd2 Qc5 20. Qd4 Qa5+ 21. Qd2 Qc5 1/2-1/2

[Event "HUN-chT 1415"]
[Site "Hungary"]
[Date "2015.02.08"]
[Round "6.2"]
[White "Horvath, Zsolt"]
[Black "Markus, Robert"]
[Result "1/2-1/2"]
[WhiteElo "2380"]
[BlackElo "2604"]
[PlyCount "30"]
[EventDate "2014.10.12"]
[EventType "team-tourn"]
[EventRounds "9"]
[EventCountry "HUN"]
[SourceTitle "EXT 2016"]
[Source "ChessBase"]
[SourceDate "2015.10.08"]
[SourceVersion "1"]
[SourceVersionDate "2015.10.08"]
[SourceQuality "1"]
[WhiteTeam "Mako"]
[BlackTeam "Aquaprofit"]
[WhiteTeamCountry "HUN"]
[BlackTeamCountry "HUN"]

1. e4 c5 2. Nf3 Nc6 3. Bb5 b6 4. d4 cxd4 5. Nxd4 Bb7 6. Nc3 e6 7. Nxc6 dxc6 8. Qxd8+ Rxd8 9. Bd3 e5 10. Be3 Nf6 11. f3 Nd7 12. 0-0-0 Bc5 13. Rhe1 Ke7 14. Bc4 Bxe3+ 15. Rxe3 Nc5 1/2-1/2

[Event "HUN-chT 1415"]
[Site "Hungary"]
[Date "2014.11.30"]
[Round "3.3"]
[White "Popovics, Adam"]
[Black "Horvath, Zsolt"]
[Result "1/2-1/2"]
[WhiteElo "2407"]
[BlackElo "2380"]
[PlyCount "41"]
[EventDate "2014.10.12"]
[EventType "team-tourn"]
[EventRounds "9"]
[EventCountry "HUN"]
[SourceTitle "CBM 163 Extra"]
[Source "ChessBase"]
[SourceDate "2014.12.23"]
[SourceVersion "1"]
[SourceVersionDate "2014.12.23"]
[SourceQuality "1"]
[WhiteTeam "Dunaharaszti"]
[BlackTeam "Mako"]
[WhiteTeamCountry "HUN"]
[BlackTeamCountry "HUN"]

1. d4 Nf6 2. c4 d6 3. Nc3 Bf5 4. g3 e5 5. Bg2 c6 6. Nf3 Nbd7 7. Nh4 Bg6 8. 0-0 Be7 9. b3 0-0 10. Bb2 Re8 11. e4 Bf8 12. Re1 Qa5 13. h3 a6 14. a3 Qb6 15. Nxg6 hxg6 16. Ne2 a5 17. Rb1 Qa6 18. Kh2 a4 19. f4 axb3 20. Qxb3 exd4 21. Bxd4 1/2-1/2

[Event "HUN-chT 1415"]
[Site "Hungary"]
[Date "2014.11.16"]
[Round "2.4"]
[White "Horvath, Zsolt"]
[Black "Papp, Gabor"]
[Result "1/2-1/2"]
[WhiteElo "2380"]
[BlackElo "2559"]
[PlyCount "192"]
[EventDate "2014.10.12"]
[EventType "team-tourn"]
[EventRounds "9"]
[EventCountry "HUN"]
[SourceTitle "CBM 163 Extra"]
[Source "ChessBase"]
[SourceDate "2014.12.23"]
[SourceVersion "1"]
[SourceVersionDate "2014.12.23"]
[SourceQuality "1"]
[WhiteTeam "Mako"]
[BlackTeam "Paks"]
[WhiteTeamCountry "HUN"]
[BlackTeamCountry "HUN"]

1. e4 c5 2. Nf3 d6 3. c3 Nf6 4. Bd3 Nc6 5. Bc2 Bg4 6. d3 e6 7. Nbd2 Be7 8. h3 Bh5 9. 0-0 h6 10. Qe1 Rc8 11. a3 0-0 12. Qe2 b5 13. Re1 a5 14. g4 Bg6 15. Nf1 b4 16. axb4 axb4 17. Ng3 Nd7 18. Bd2 Ra8 19. Ba4 bxc3 20. bxc3 Qc7 21. d4 Nb6 22. Bb5 Na5 23. Bf4 c4 24. Reb1 Rfc8 25. Kg2 Qd8 26. Rb2 Ra7 27. Rba2 Rca8 28. Nd2 d5 29. f3 Nc8 30. Qd1 Nd6 31. Ba4 Nab7 32. Qb1 Ra6 33. Bc2 Rxa2 34. Rxa2 Rxa2 35. Qxa2 Qb6 36. exd5 Bxc2 37. Qxc2 exd5 38. Nf5 Nxf5 39. Qxf5 Qe6 40. Qxe6 fxe6 41. Nb1 Kf7 42. Kf1 g5 43. Bc1 Bd6 44. Na3 Bf4 45. Bxf4 gxf4 46. Nb5 Nd8 47. h4 Nc6 48. Ke2 Ke7 49. Kd2 Kd7 50. Kc2 Ne7 51. h5 Kc6 52. Na3 Kd6 53. Nb5+ Kd7 54. Na3 Nc6 55. Nb5 Ke7 56. Kd2 Nd8 57. Ke2 Nf7 58. Na3 Nd6 59. Nc2 Nf7 60. Nb4 Kd6 61. Nc2 Ke7 62. Nb4 Nd8 63. Kd2 Kf6 64. Ke2 Kg5 65. Kf2 Kf6 66. Ke2 Ke7 67. Kd2 Kd6 68. Ke2 Nf7 69. Nc2 Ng5 70. Nb4 Nf7 71. Nc2 Ke7 72. Nb4 Kd7 73. Nc2 Ke7 74. Nb4 Nd8 75. Kd2 Kd6 76. Ke2 Ke7 77. Kd2 Kd6 78. Ke2 Nf7 79. Nc2 Ng5 80. Nb4 Nh3 81. Nc2 Kc6 82. Ne1 Kb5 83. Kd2 Ka4 84. Kc2 Ka3 85. Ng2 Ka2 86. Nh4 Ng5 87. Ng6 Nxf3 88. Nxf4 Ng5 89. Ng6 Nh7 90. Nf4 Nf6 91. Nxe6 Nxg4 92. Nd8 Ne3+ 93. Kd2 Nf5 94. Kc2 Ne3+ 95. Kd2 Nf5 96. Kc2 Ne3+ 1/2-1/2

[Event "HUN-chT 1314"]
[Site "Hungary"]
[Date "2014.04.27"]
[Round "9"]
[White "Horvath, Zsolt"]
[Black "Fogarasi, Tibor"]
[Result "1/2-1/2"]
[WhiteElo "2389"]
[BlackElo "2402"]
[PlyCount "81"]
[EventDate "2013.09.08"]
[EventType "team-tourn"]
[EventRounds "9"]
[EventCountry "HUN"]
[SourceTitle "EXT 2015"]
[Source "ChessBase"]
[SourceDate "2014.11.20"]
[SourceVersion "1"]
[SourceVersionDate "2014.11.20"]
[SourceQuality "1"]
[WhiteTeam "Mako"]
[BlackTeam "MLTC"]
[WhiteTeamCountry "HUN"]
[BlackTeamCountry "HUN"]

1. e4 c5 2. Nf3 e6 3. d3 Nc6 4. g3 Nf6 5. Bg2 Be7 6. 0-0 0-0 7. Re1 d6 8. c3 Bd7 9. a4 a6 10. Nbd2 Rc8 11. Nc4 b5 12. axb5 axb5 13. Nxd6 Bxd6 14. e5 Be7 15. exf6 Bxf6 16. Be3 Ne7 17. d4 Nf5 18. dxc5 Nxe3 19. Rxe3 Rxc5 20. Rd3 Rc7 21. Nd2 Qe7 22. Ne4 Bc6 23. Nxf6+ Qxf6 24. Bxc6 Rxc6 25. Rd6 Rc5 26. Qd4 Qxd4 27. Rxd4 g6 28. Ra7 Rc4 29. Rxc4 bxc4 30. Ra4 Rc8 31. Kf1 e5 32. Ke2 f5 33. Rb4 Kf7 34. Rb6 Rc7 35. h4 Ke7 36. Ke3 Kf7 37. f3 Ke7 38. h5 Kf7 39. hxg6+ hxg6 40. g4 Kg7 41. gxf5 1/2-1/2

[Event "HUN-chT 1314"]
[Site "Hungary"]
[Date "2014.04.13"]
[Round "8"]
[White "Amstadt, Aron"]
[Black "Horvath, Zsolt"]
[Result "1/2-1/2"]
[WhiteElo "2340"]
[BlackElo "2389"]
[PlyCount "119"]
[EventDate "2013.09.08"]
[EventType "team-tourn"]
[EventRounds "9"]
[EventCountry "HUN"]
[SourceTitle "EXT 2015"]
[Source "ChessBase"]
[SourceDate "2014.11.20"]
[SourceVersion "1"]
[SourceVersionDate "2014.11.20"]
[SourceQuality "1"]
[WhiteTeam "Decs"]
[BlackTeam "Mako"]
[WhiteTeamCountry "HUN"]
[BlackTeamCountry "HUN"]

1. Nf3 Nf6 2. c4 d6 3. d4 g6 4. Nc3 Bf5 5. Nh4 Bd7 6. Nf3 Bg7 7. e4 0-0 8. Be2 c5 9. d5 e6 10. dxe6 Bxe6 11. 0-0 Nc6 12. Bf4 Qa5 13. Qc2 Rfd8 14. Rfd1 Ne8 15. Nb5 Bg4 16. Bg5 Rd7 17. h3 Be6 18. Be3 a6 19. Nc3 Nf6 20. a3 Rc8 21. Nd5 Qd8 22. Rac1 Bxd5 23. cxd5 Ne7 24. a4 h6 25. Nd2 g5 26. Ra1 Ng6 27. Nc4 Re7 28. f3 Nh5 29. a5 Ne5 30. Nb6 Rb8 31. h4 Re8 32. hxg5 hxg5 33. Qd2 Bh6 34. Ra3 Qf6 35. Bf1 Kg7 36. Nc4 Nf4 37. Nxe5 Rxe5 38. g3 Ng6 39. Bg2 Ree8 40. Rf1 Ne5 41. Qc3 b5 42. axb6 Rxb6 43. Bc1 Nd7 44. f4 Qxc3 45. Rxc3 gxf4 46. gxf4 Kf8 47. Rh3 Bg7 48. b3 Bd4+ 49. Kh1 Nf6 50. Rh8+ Ke7 51. Rxe8+ Kxe8 52. e5 dxe5 53. fxe5 Bxe5 54. Re1 Nd7 55. Bh3 f6 56. Re3 Kd8 57. Rf3 Rb5 58. Bd2 Ke7 59. Bf1 Rb6 60. Rh3 1/2-1/2